00686ngm a2200181 i 4500001001100000003000500011005001700016008004100033040002500074245001500099264003500114336002100149337002500170338002300195500024500218700001100463700003000474C2-0335113PPAK20180727222448.0151216s2013 ru |||| ||||| | vleng d aPPAKbengcPPAKerda10aStalingrad 1a[Russia] : bVTB Bank , c2013 2rdacontentatext 2rdamediaaunmediated 2rdacarrieravolume aDVD release of the 2013 motion picture ; DVD, region 3 ; anamorphic widescreen (2.35:1) ; Dolby Digital 5.1 surround. ; In English, Portuguese, Russian, Spanish with optional subtitles in Chinese Traditional, English, English SDH, Korean, P eauthor1 aGorina, Natalia, eeditor